000 00863cam a2200265 a 4500
001 17379639
003 OSt
005 20251119123459.0
008 120710s2011 ke f000 0 eng
020 _a9966821287
_qv. 1
020 _a9789966821287
_q(v. 1)
040 _aSEKU
050 0 0 _aKSK4200
_b.A49 2011
245 0 4 _aThe Kenya law reports :
_bgender based violence (GBV) /
_ceditor Michael M. Murungi.
246 3 0 _aGender based violence
260 _aNairobi :
_bNational Council for Law Reporting,
_c2011.
336 _atext
_btxt
_2rdacontent
337 _aunmediated
_bn
_2rdamedia
338 _avolume
_bnc
_2rdacarrier
650 0 _aSex crimes
_xLaw and legislation
_zKenya
_vCases.
650 0 _aWomen
_xViolence against
_zKenya
_vCases.
700 1 _aMurungi, Michael M.
710 2 _aNational Council for Law Reporting (Kenya)
942 _2lcc
_cGEN
999 _c18635
_d18635